| 000 | 00427nam a22001697a 4500 | ||
|---|---|---|---|
| 003 | CEME | ||
| 005 | 20210628202449.0 | ||
| 008 | 210106b xxu||||| |||| 00| 0 eng d | ||
| 020 | _a9788131720189 | ||
| 040 | _c. | ||
| 082 | _a004.165 MAC | ||
| 100 |
_aMackenzie, I. Scott, Phan, Raphael C.W _960019 |
||
| 245 | _aThe 8051 microcontroller | ||
| 260 |
_aINDIA _bPEARSON EDUCATION _c2013 |
||
| 300 | _a551P | ||
| 942 |
_cBK _2ddc |
||
| 999 |
_c569861 _d569861 |
||